50 Largest Objects in the Solar System by Picture - Statistics

General Stats
  • This quiz has been taken 29 times
  • The average score is 23 of 50
Answer Stats
Picture Hint Answer % Correct
12 742 km Earth
100%
139 822 km Jupiter
100%
49 244 km Neptune
100%
116 464 km Saturn
100%
50 724 km Uranus
100%
6 779 km Mars
95%
1 391 400 km Sun
95%
12 104 km Venus
95%
3 643 km Io
85%
4 879 km Mercury
85%
3 122 km Europa
80%
5 268 km Ganymede
80%
3 474 km Moon
80%
5 149 km Titan
80%
2 377 km Pluto
75%
4 821 km Callisto
70%
946 km (1) Ceres
60%
1 212 km Charon
60%
2 707 km Triton
55%
504 km Enceladus
45%
525 km (4) Vesta
40%
12 km Deimos
40%
1 468 km Iapetus
40%
23 km Phobos
40%
1 158 km Ariel
35%
396 km Mimas
35%
1 523 km Oberon
35%
1 528 km Rhea
35%
1 577 km Titania
35%
1 169 km Umbriel
35%
1 123 km Dione
30%
270 km Hyperion
30%
472 km Miranda
30%
28 km Pan
30%
1 062 km Tethys
25%
31 km (243) Ida
15%
30 km Atlas
15%
11 km 1P/Halley
10%
17 km (433) Eros
10%
179 km Janus
10%
81 km Pandora
10%
213 km Phoebe
10%
96 km (21) Lutetia
5%
53 km (253) Mathilde
5%
21 km Calypso
5%
116 km Epimetheus
5%
86 km Prometheus
5%
25 km Telesto
5%
12 km (951) Gaspra
0%
35 km Helene
0%
No matching quizzes found
Score Distribution
Percent of People with Each Score
Percentile by Number Answered
Your Score History
You have not taken this quiz